000 00614nam a2200229Ia 4500
003 OSt
005 20221007074220.0
006 a|||||r|||| 00| 0
007 ta
008 221006b |||||||| |||| 00| 0 eng d
024 _a13,311
037 _cTextual
040 _aFLL
_cFLL
_beng
041 _2eng
_aeng
082 _aV73:2:9Zy7, N3
100 _aFarber Daniel A.
_9692710
245 0 _aConstitutional law
260 _aMinn.
_bWest Publishing Co. Minn.
_c1993
300 _axxxviii,1127p
_ccm.
942 _hV73:2:9Zy7, N3
_cTEXL
_2CC
999 _c1151559
_d1151559